| 000 | 00894nam a2200265 i 4500 | ||
|---|---|---|---|
| 001 | 17577 | ||
| 003 | ES-MaACL | ||
| 005 | 20250630032858.0 | ||
| 007 | t| | ||
| 008 | 010404s2000 sp ||||1| spa d | ||
| 020 | _a84-7793-731-1 | ||
| 080 | _a339.5(460)"17" | ||
| 080 | _a339.5(492)"17" | ||
| 100 | 1 |
_aCrespo Solana, Ana. _941554 |
|
| 245 | 1 | 3 |
_aEl comercio marítimo entre Amsterdam y Cádiz _b: (1713-1778) / _cAna Crespo Solana. |
| 260 |
_aMadrid : _bBanco de España, Servicio de Estudios, _c2000. |
||
| 300 |
_a162 p. ; _c24 cm. |
||
| 490 | 1 |
_aEstudios de historia económica ; _v40 |
|
| 651 | 4 |
_aEspaña- _xComercio exterior- _yS.XVIII. _98180 |
|
| 651 |
_aHolanda- _xComercio exterior. _9164405 |
||
| 710 | 2 | 0 |
_aBanco de España _92104 |
| 830 | 0 |
_aEstudios de historia económica ; _v40 _9179607 |
|
| 852 |
_aES-MaACL _jL-24514 _bR.129815 |
||
| 999 |
_c17577 _d17577 |
||